[Event "European Youth Chess Championship B16"]
[Site "Prague, Top Hotel Prague"]
[Date "2012.08.22"]
[Round "6.1"]
[White "Boruchovsky, Avital"]
[Black "Sanzhaev, Darsen"]
[Result "1-0"]
[WhiteElo "2415"]
[BlackElo "2335"]
[PlyCount "0"]
[EventDate "2012.08.17"]

1. e4 {[%clk 1:30:55]} e5 {[%clk 1:30:58]} 2. Nf3 {[%clk 1:26:51]} Nc6
{[%clk 1:31:24]} 3. Bb5 {[%clk 1:26:25]} f5 {[%clk 1:31:49]} 4. d3
{[%clk 1:25:23]} fxe4 {[%clk 1:31:34]} 5. dxe4 {[%clk 1:25:37]} Nf6
{[%clk 1:31:52]} 6. Qe2 {[%clk 1:14:55]} Bc5 {[%clk 1:30:51]} 7. Bg5
{[%clk 1:08:37]} d6 {[%clk 1:25:21]} 8. Nc3 {[%clk 1:04:10]} h6 {[%clk 1:25:10]}
9. Bh4 {[%clk 0:58:25]} g5 {[%clk 1:24:08]} 10. Bg3 {[%clk 0:56:08]} Bd7
{[%clk 1:20:43]} 11. O-O-O {[%clk 0:55:13]} Nd4 {[%clk 1:14:30]} 12. Nxd4
{[%clk 0:54:26]} Bxd4 {[%clk 1:14:58]} 13. Bxd7+ {[%clk 0:54:35]} Qxd7
{[%clk 1:04:18]} 14. Nb5 {[%clk 0:53:19]} Bb6 {[%clk 0:56:45]} 15. Bxe5
{[%clk 0:50:50]} Qe6 {[%clk 0:57:15]} 16. Nxd6+ {[%clk 0:46:11]} cxd6
{[%clk 0:54:45]} 17. Qb5+ {[%clk 0:46:34]} Nd7 {[%clk 0:52:18]} 18. Bxh8
{[%clk 0:37:21]} O-O-O {[%clk 0:52:45]} 19. Bd4 {[%clk 0:35:53]} Qxa2
{[%clk 0:52:41]} 20. Bxb6 {[%clk 0:35:57]} Nxb6 {[%clk 0:53:01]} 21. Qb3
{[%clk 0:35:44]} Qa1+ {[%clk 0:53:12]} 22. Kd2 {[%clk 0:36:12]} Qa6
{[%clk 0:53:24]} 23. Ra1 {[%clk 0:36:21]} Nc4+ {[%clk 0:53:41]} 24. Kc3
{[%clk 0:35:22]} Na5 {[%clk 0:54:10]} 25. Qd5 {[%clk 0:35:37]} b6
{[%clk 0:53:53]} 26. b4 {[%clk 0:35:44]} 1-0

[Event "European Youth Chess Championship B16"]
[Site "Prague, Top Hotel Prague"]
[Date "2012.08.22"]
[Round "6.2"]
[White "Zakhartsov, Vladimir"]
[Black "Laurusas, Tomas"]
[Result "1-0"]
[WhiteElo "2306"]
[BlackElo "2402"]
[PlyCount "0"]
[EventDate "2012.08.17"]

1. e4 {[%clk 1:30:57]} c6 {[%clk 1:30:55]} 2. d4 {[%clk 1:31:13]} d5
{[%clk 1:31:19]} 3. Nc3 {[%clk 1:31:40]} dxe4 {[%clk 1:29:43]} 4. Nxe4
{[%clk 1:32:01]} Bf5 {[%clk 1:28:54]} 5. Ng3 {[%clk 1:32:13]} Bg6
{[%clk 1:29:18]} 6. Nf3 {[%clk 1:32:37]} Nd7 {[%clk 1:29:44]} 7. h4
{[%clk 1:32:49]} h6 {[%clk 1:30:06]} 8. h5 {[%clk 1:33:10]} Bh7 {[%clk 1:30:30]}
9. Bd3 {[%clk 1:33:38]} Bxd3 {[%clk 1:30:51]} 10. Qxd3 {[%clk 1:34:06]} Ngf6
{[%clk 1:31:05]} 11. Bf4 {[%clk 1:34:29]} Qa5+ {[%clk 1:31:27]} 12. Bd2
{[%clk 1:34:51]} Qc7 {[%clk 1:31:53]} 13. O-O-O {[%clk 1:35:14]} e6
{[%clk 1:32:07]} 14. Ne4 {[%clk 1:34:59]} O-O-O {[%clk 1:32:21]} 15. g3
{[%clk 1:34:58]} Nc5 {[%clk 1:32:35]} 16. Nxc5 {[%clk 1:35:13]} Bxc5
{[%clk 1:33:03]} 17. c4 {[%clk 1:34:34]} Qe7 {[%clk 1:32:07]} 18. a3
{[%clk 1:27:14]} Kb8 {[%clk 1:26:53]} 19. Qe2 {[%clk 1:12:25]} Bb6
{[%clk 1:25:13]} 20. Rh4 {[%clk 1:08:34]} Ka8 {[%clk 1:25:14]} 21. Bc3
{[%clk 1:07:36]} Rhe8 {[%clk 1:21:16]} 22. Rd2 {[%clk 0:55:57]} a6
{[%clk 0:49:24]} 23. Kb1 {[%clk 0:47:10]} Rc8 {[%clk 0:36:27]} 24. Ne5
{[%clk 0:35:52]} Red8 {[%clk 0:33:05]} 25. c5 {[%clk 0:32:12]} Ba7
{[%clk 0:32:32]} 26. Nc4 {[%clk 0:30:33]} Rd5 {[%clk 0:30:46]} 27. Bb4
{[%clk 0:24:58]} Re8 {[%clk 0:27:27]} 28. Rh3 {[%clk 0:20:05]} Nd7
{[%clk 0:26:16]} 29. Ne3 {[%clk 0:20:00]} Nf6 {[%clk 0:25:08]} 30. Nxd5
{[%clk 0:20:04]} Nxd5 {[%clk 0:25:36]} 31. Rd3 {[%clk 0:15:38]} Rd8
{[%clk 0:25:09]} 32. Bd2 {[%clk 0:14:27]} Bb8 {[%clk 0:20:35]} 33. g4
{[%clk 0:11:49]} Bf4 {[%clk 0:19:48]} 34. Rh1 {[%clk 0:04:34]} Qg5
{[%clk 0:10:34]} 35. Be3 {[%clk 0:03:08]} Nf6 {[%clk 0:07:27]} 36. Bxf4
{[%clk 0:00:39]} Qxf4 {[%clk 0:07:50]} 37. f3 {[%clk 0:00:43]} Rxd4
{[%clk 0:08:15]} 38. Qe3 {[%clk 0:00:33]} Qxe3 {[%clk 0:08:20]} 39. Rxe3
{[%clk 0:01:02]} Nd5 {[%clk 0:08:17]} 40. Re4 {[%clk 0:30:39]} Rd3
{[%clk 0:30:48]} 41. Rf1 {[%clk 0:28:09]} Ne3 {[%clk 0:30:31]} 42. Rg1
{[%clk 0:27:08]} Nd5 {[%clk 0:30:09]} 43. Rg3 {[%clk 0:20:57]} Nf6
{[%clk 0:25:31]} 44. Re5 {[%clk 0:19:28]} Nd7 {[%clk 0:22:19]} 45. Re1
{[%clk 0:19:41]} Nxc5 {[%clk 0:22:47]} 46. g5 {[%clk 0:19:49]} Rd5
{[%clk 0:23:16]} 47. f4 {[%clk 0:17:33]} Nd7 {[%clk 0:19:46]} 48. g6
{[%clk 0:14:52]} fxg6 {[%clk 0:20:12]} 49. Rxe6 {[%clk 0:15:12]} Rxh5
{[%clk 0:16:59]} 50. Rexg6 {[%clk 0:15:02]} Rf5 {[%clk 0:16:37]} 51. Rxg7
{[%clk 0:15:26]} Nf6 {[%clk 0:16:15]} 52. Rb3 {[%clk 0:15:44]} b5
{[%clk 0:15:52]} 53. Re3 {[%clk 0:11:54]} Rxf4 {[%clk 0:16:00]} 54. Re6
{[%clk 0:12:14]} b4 {[%clk 0:10:17]} 55. axb4 {[%clk 0:12:23]} 1-0

[Event "European Youth Chess Championship B16"]
[Site "Prague, Top Hotel Prague"]
[Date "2012.08.22"]
[Round "6.3"]
[White "Giroyan, Gary"]
[Black "Meng, Roger"]
[Result "1/2-1/2"]
[WhiteElo "2394"]
[BlackElo "2291"]
[PlyCount "0"]
[EventDate "2012.08.17"]

1. d4 {[%clk 1:30:56]} Nf6 {[%clk 1:30:46]} 2. c4 {[%clk 1:31:23]} c5
{[%clk 1:30:50]} 3. d5 {[%clk 1:31:49]} b5 {[%clk 1:31:18]} 4. Nf3
{[%clk 1:32:04]} g6 {[%clk 1:31:36]} 5. cxb5 {[%clk 1:32:21]} a6 {[%clk 1:31:30]}
6. Qc2 {[%clk 1:32:44]} d6 {[%clk 1:29:25]} 7. e4 {[%clk 1:32:26]} Bg7
{[%clk 1:27:57]} 8. Nc3 {[%clk 1:32:51]} O-O {[%clk 1:27:56]} 9. a4
{[%clk 1:30:09]} axb5 {[%clk 1:22:42]} 10. Bxb5 {[%clk 1:30:16]} Na6
{[%clk 1:22:49]} 11. O-O {[%clk 1:27:36]} Nb4 {[%clk 1:21:59]} 12. Qe2
{[%clk 1:27:48]} Bg4 {[%clk 1:14:10]} 13. Be3 {[%clk 1:17:32]} Qa5
{[%clk 1:00:24]} 14. Rfc1 {[%clk 1:12:12]} Rfc8 {[%clk 0:50:26]} 15. Bd2
{[%clk 1:01:00]} Bd7 {[%clk 0:39:40]} 16. Be1 {[%clk 0:53:36]} Qd8
{[%clk 0:35:04]} 17. Nd2 {[%clk 0:33:17]} Bh6 {[%clk 0:33:41]} 18. f3
{[%clk 0:28:29]} Bxb5 {[%clk 0:28:36]} 19. Nxb5 {[%clk 0:28:40]} Nd7
{[%clk 0:28:23]} 20. Rd1 {[%clk 0:20:10]} Nc2 {[%clk 0:27:44]} 21. Ra2
{[%clk 0:19:56]} Nb4 {[%clk 0:27:22]} 22. Ra3 {[%clk 0:19:04]} Nc2
{[%clk 0:26:57]} 23. Ra2 {[%clk 0:16:10]} Nb4 {[%clk 0:27:05]} 24. Ra3
{[%clk 0:16:39]} Nc2 {[%clk 0:27:30]} 25. Rc3 {[%clk 0:08:05]} Nxe1
{[%clk 0:27:00]} 26. Rxe1 {[%clk 0:07:47]} Rxa4 {[%clk 0:26:46]} 27. Nc4
{[%clk 0:07:32]} Rca8 {[%clk 0:22:35]} 28. Ra3 {[%clk 0:04:55]} Qb8
{[%clk 0:20:28]} 29. Rxa4 {[%clk 0:04:14]} Rxa4 {[%clk 0:20:57]} 30. Nca3
{[%clk 0:04:38]} Rb4 {[%clk 0:20:31]} 31. Rb1 {[%clk 0:03:08]} c4
{[%clk 0:09:41]} 32. Nc3 {[%clk 0:03:28]} Bg7 {[%clk 0:09:28]} 33. Qc2
{[%clk 0:02:26]} Rb3 {[%clk 0:08:08]} 34. Kf1 {[%clk 0:01:35]} Qb7
{[%clk 0:05:52]} 35. Ne2 {[%clk 0:01:24]} Nb6 {[%clk 0:02:41]} 36. Nc1
{[%clk 0:00:41]} Rb4 {[%clk 0:02:54]} 37. Na2 {[%clk 0:01:10]} Rb3
{[%clk 0:02:49]} 38. Nc1 {[%clk 0:01:38]} Rb4 {[%clk 0:03:18]} 39. Na2
{[%clk 0:02:03]} Rb3 {[%clk 0:03:40]} 40. Nc1 {[%clk 0:32:30]} 1/2-1/2

[Event "European Youth Chess Championship B16"]
[Site "Prague, Top Hotel Prague"]
[Date "2012.08.22"]
[Round "6.4"]
[White "Menezes, Christoph"]
[Black "Bortnik, Alexandr"]
[Result "1-0"]
[WhiteElo "2279"]
[BlackElo "2365"]
[PlyCount "0"]
[EventDate "2012.08.17"]

1. d4 {[%clk 1:30:56]} Nf6 {[%clk 1:30:51]} 2. c4 {[%clk 1:31:16]} e6
{[%clk 1:31:11]} 3. Nf3 {[%clk 1:31:36]} c5 {[%clk 1:31:36]} 4. d5
{[%clk 1:31:53]} exd5 {[%clk 1:32:00]} 5. cxd5 {[%clk 1:32:17]} Bd6
{[%clk 1:32:27]} 6. Nc3 {[%clk 1:31:57]} O-O {[%clk 1:32:30]} 7. Bg5
{[%clk 1:32:11]} Re8 {[%clk 1:32:48]} 8. e3 {[%clk 1:32:00]} h6 {[%clk 1:33:11]}
9. Bh4 {[%clk 1:30:51]} Bf8 {[%clk 1:33:22]} 10. Be2 {[%clk 1:29:17]} d6
{[%clk 1:32:30]} 11. h3 {[%clk 1:22:08]} Bf5 {[%clk 1:21:32]} 12. O-O
{[%clk 1:17:30]} Nbd7 {[%clk 1:16:49]} 13. Re1 {[%clk 1:05:51]} g5
{[%clk 1:14:20]} 14. Bg3 {[%clk 1:06:13]} Ne4 {[%clk 1:14:37]} 15. Nxe4
{[%clk 0:59:45]} Bxe4 {[%clk 1:14:45]} 16. Bd3 {[%clk 0:52:08]} Nf6
{[%clk 1:09:09]} 17. Bb5 {[%clk 0:45:08]} Re7 {[%clk 1:08:49]} 18. h4
{[%clk 0:38:07]} Nh7 {[%clk 0:59:27]} 19. Bd3 {[%clk 0:29:55]} f5
{[%clk 0:58:57]} 20. hxg5 {[%clk 0:27:36]} hxg5 {[%clk 0:59:08]} 21. Bxe4
{[%clk 0:26:32]} Rxe4 {[%clk 0:58:28]} 22. Nd2 {[%clk 0:26:00]} Re8
{[%clk 0:52:40]} 23. a4 {[%clk 0:19:56]} Qf6 {[%clk 0:51:12]} 24. Rb1
{[%clk 0:19:19]} Qg6 {[%clk 0:46:59]} 25. b4 {[%clk 0:14:48]} b6 {[%clk 0:45:57]}
26. bxc5 {[%clk 0:14:40]} bxc5 {[%clk 0:43:57]} 27. Rb7 {[%clk 0:14:07]} Nf6
{[%clk 0:43:32]} 28. Nc4 {[%clk 0:12:27]} Ne4 {[%clk 0:38:25]} 29. Bh2
{[%clk 0:11:28]} g4 {[%clk 0:37:58]} 30. Qc2 {[%clk 0:07:49]} Bg7
{[%clk 0:33:25]} 31. Reb1 {[%clk 0:04:54]} Be5 {[%clk 0:31:25]} 32. Bxe5
{[%clk 0:04:12]} dxe5 {[%clk 0:31:54]} 33. Nd2 {[%clk 0:03:23]} Nf6
{[%clk 0:12:39]} 34. Qxc5 {[%clk 0:02:07]} Rac8 {[%clk 0:12:50]} 35. Rc7
{[%clk 0:01:26]} Rxc7 {[%clk 0:13:03]} 36. Qxc7 {[%clk 0:01:52]} Nxd5
{[%clk 0:12:29]} 37. Qxa7 {[%clk 0:01:49]} g3 {[%clk 0:12:16]} 38. fxg3
{[%clk 0:01:34]} Nc3 {[%clk 0:12:28]} 39. Rb8 {[%clk 0:01:28]} f4
{[%clk 0:05:20]} 40. Qa8 {[%clk 0:31:03]} Kf8 {[%clk 0:30:35]} 41. Rxe8+
{[%clk 0:29:12]} Qxe8 {[%clk 0:31:04]} 42. Qxe8+ {[%clk 0:28:42]} Kxe8
{[%clk 0:31:25]} 43. gxf4 {[%clk 0:28:56]} exf4 {[%clk 0:31:38]} 44. exf4
{[%clk 0:28:39]} Ne2+ {[%clk 0:29:54]} 45. Kf2 {[%clk 0:28:28]} Nxf4
{[%clk 0:30:19]} 46. Kf3 {[%clk 0:28:17]} Nd3 {[%clk 0:30:37]} 47. Ke3
{[%clk 0:28:04]} Nc5 {[%clk 0:30:51]} 48. a5 {[%clk 0:28:13]} Kd7
{[%clk 0:31:19]} 49. Kd4 {[%clk 0:28:06]} Nb7 {[%clk 0:31:25]} 50. Nb3
{[%clk 0:26:58]} Kc6 {[%clk 0:31:44]} 51. Ke5 {[%clk 0:26:32]} Kb5
{[%clk 0:32:00]} 52. g4 {[%clk 0:26:28]} Nd8 {[%clk 0:32:25]} 53. g5
{[%clk 0:26:03]} Kb4 {[%clk 0:32:49]} 54. Kd5 {[%clk 0:24:53]} Kb5
{[%clk 0:32:39]} 55. g6 {[%clk 0:25:03]} Nc6 {[%clk 0:33:05]} 56. Nd4+
{[%clk 0:25:28]} 1-0

[Event "European Youth Chess Championship B16"]
[Site "Prague, Top Hotel Prague"]
[Date "2012.08.22"]
[Round "6.5"]
[White "Drozdowski, Kacper"]
[Black "Kobo, Ori"]
[Result "1-0"]
[WhiteElo "2350"]
[BlackElo "2249"]
[PlyCount "0"]
[EventDate "2012.08.17"]

1. e4 {[%clk 1:30:57]} e6 {[%clk 1:30:53]} 2. d4 {[%clk 1:31:20]} d5
{[%clk 1:31:20]} 3. Nc3 {[%clk 1:31:42]} Bb4 {[%clk 1:31:44]} 4. Nge2
{[%clk 1:32:06]} dxe4 {[%clk 1:31:48]} 5. a3 {[%clk 1:32:29]} Be7
{[%clk 1:32:17]} 6. Nxe4 {[%clk 1:32:40]} Nf6 {[%clk 1:31:35]} 7. N2g3
{[%clk 1:32:44]} O-O {[%clk 1:28:45]} 8. c3 {[%clk 1:31:09]} Nbd7
{[%clk 1:22:56]} 9. Nxf6+ {[%clk 1:26:53]} Nxf6 {[%clk 1:21:26]} 10. Bd3
{[%clk 1:21:26]} Qd5 {[%clk 1:14:08]} 11. O-O {[%clk 1:21:02]} b6
{[%clk 1:09:17]} 12. Be2 {[%clk 1:18:59]} Qd7 {[%clk 1:06:39]} 13. Bf3
{[%clk 1:17:51]} Ba6 {[%clk 1:04:26]} 14. Re1 {[%clk 1:09:28]} Rad8
{[%clk 1:04:48]} 15. Bg5 {[%clk 1:07:28]} h6 {[%clk 1:01:31]} 16. Bxf6
{[%clk 1:05:02]} Bxf6 {[%clk 1:01:42]} 17. Nh5 {[%clk 0:59:26]} Bg5
{[%clk 0:57:11]} 18. d5 {[%clk 0:53:09]} g6 {[%clk 0:34:35]} 19. h4
{[%clk 0:49:50]} Be7 {[%clk 0:34:16]} 20. Nf4 {[%clk 0:46:06]} e5
{[%clk 0:32:07]} 21. Rxe5 {[%clk 0:40:18]} Bxh4 {[%clk 0:27:39]} 22. Qc2
{[%clk 0:34:26]} Bg5 {[%clk 0:24:50]} 23. Nd3 {[%clk 0:31:33]} Bf6
{[%clk 0:23:39]} 24. Re3 {[%clk 0:30:59]} Bg5 {[%clk 0:23:12]} 25. Ne5
{[%clk 0:28:42]} Qd6 {[%clk 0:23:39]} 26. Ree1 {[%clk 0:28:19]} Bb7
{[%clk 0:17:35]} 27. c4 {[%clk 0:24:52]} Rfe8 {[%clk 0:17:20]} 28. Nd3
{[%clk 0:25:03]} Bc8 {[%clk 0:14:14]} 29. Rxe8+ {[%clk 0:20:48]} Rxe8
{[%clk 0:14:40]} 30. Qa4 {[%clk 0:21:06]} Bd7 {[%clk 0:12:59]} 31. Qxa7
{[%clk 0:20:50]} Bf5 {[%clk 0:11:04]} 32. Qa4 {[%clk 0:20:31]} Qe7
{[%clk 0:09:49]} 33. Re1 {[%clk 0:15:06]} Qxe1+ {[%clk 0:09:13]} 34. Nxe1
{[%clk 0:15:35]} Rxe1+ {[%clk 0:09:36]} 35. Kh2 {[%clk 0:16:02]} Bf4+
{[%clk 0:08:18]} 36. g3 {[%clk 0:16:29]} Bd6 {[%clk 0:08:40]} 37. b4
{[%clk 0:13:04]} Rc1 {[%clk 0:08:51]} 38. Qb3 {[%clk 0:11:20]} h5
{[%clk 0:07:54]} 39. Kg2 {[%clk 0:11:30]} Kh7 {[%clk 0:04:26]} 40. Be2
{[%clk 0:40:42]} Be4+ {[%clk 0:30:46]} 41. f3 {[%clk 0:34:52]} Bf5
{[%clk 0:23:44]} 42. Bd3 {[%clk 0:34:38]} Bxd3 {[%clk 0:18:17]} 43. Qxd3
{[%clk 0:35:04]} Ra1 {[%clk 0:18:16]} 44. f4 {[%clk 0:26:38]} h4 {[%clk 0:09:21]}
45. gxh4 {[%clk 0:25:57]} Ra2+ {[%clk 0:08:37]} 46. Kg3 {[%clk 0:24:10]} Ra1
{[%clk 0:05:15]} 47. Qe3 {[%clk 0:21:14]} Rd1 {[%clk 0:03:43]} 48. c5
{[%clk 0:20:08]} bxc5 {[%clk 0:04:10]} 49. bxc5 {[%clk 0:20:33]} Bf8
{[%clk 0:04:23]} 50. d6 {[%clk 0:20:07]} cxd6 {[%clk 0:02:29]} 51. c6
{[%clk 0:20:32]} d5 {[%clk 0:01:18]} 52. c7 {[%clk 0:20:33]} d4 {[%clk 0:01:45]}
53. Qe8 {[%clk 0:19:16]} 1-0

[Event "European Youth Chess Championship B16"]
[Site "Prague, Top Hotel Prague"]
[Date "2012.08.22"]
[Round "6.7"]
[White "Grib, Roman"]
[Black "Yanchenko, Roman"]
[Result "1-0"]
[WhiteElo "2309"]
[BlackElo "2230"]
[PlyCount "0"]
[EventDate "2012.08.17"]

1. e4 {[%clk 1:30:56]} e6 {[%clk 1:30:54]} 2. d4 {[%clk 1:31:09]} d5
{[%clk 1:31:23]} 3. Nc3 {[%clk 1:31:19]} dxe4 {[%clk 1:31:45]} 4. Nxe4
{[%clk 1:31:44]} Nd7 {[%clk 1:32:13]} 5. Nf3 {[%clk 1:30:54]} Ngf6
{[%clk 1:32:34]} 6. Nxf6+ {[%clk 1:28:28]} Nxf6 {[%clk 1:33:02]} 7. Bd3
{[%clk 1:27:08]} Bd6 {[%clk 1:32:28]} 8. Bg5 {[%clk 1:25:00]} h6 {[%clk 1:31:27]}
9. Bh4 {[%clk 1:23:27]} c5 {[%clk 1:27:41]} 10. dxc5 {[%clk 1:02:07]} Qa5+
{[%clk 1:27:50]} 11. c3 {[%clk 0:47:46]} Qxc5 {[%clk 1:28:17]} 12. Bb5+
{[%clk 0:42:56]} Ke7 {[%clk 1:23:44]} 13. Qe2 {[%clk 0:42:41]} Rd8
{[%clk 1:19:44]} 14. Rd1 {[%clk 0:32:07]} g5 {[%clk 1:00:11]} 15. Bg3
{[%clk 0:32:29]} Bxg3 {[%clk 1:00:40]} 16. hxg3 {[%clk 0:32:52]} Rxd1+
{[%clk 1:01:07]} 17. Kxd1 {[%clk 0:33:18]} Ng4 {[%clk 0:59:28]} 18. Nd4
{[%clk 0:29:22]} e5 {[%clk 0:59:52]} 19. f3 {[%clk 0:29:16]} Kf8 {[%clk 0:52:05]}
20. Nb3 {[%clk 0:28:26]} Qd6+ {[%clk 0:51:13]} 21. Kc1 {[%clk 0:28:17]} Nf6
{[%clk 0:50:58]} 22. Rxh6 {[%clk 0:27:50]} Kg7 {[%clk 0:49:53]} 23. Rh1
{[%clk 0:27:25]} e4 {[%clk 0:49:21]} 24. Qf2 {[%clk 0:13:56]} Qe5
{[%clk 0:40:19]} 25. Nd4 {[%clk 0:13:26]} e3 {[%clk 0:40:46]} 26. Qg1
{[%clk 0:11:26]} Qxg3 {[%clk 0:26:39]} 27. Qxe3 {[%clk 0:11:11]} Qf4
{[%clk 0:22:16]} 28. Qxf4 {[%clk 0:11:13]} gxf4 {[%clk 0:22:45]} 29. Ne2
{[%clk 0:11:23]} Be6 {[%clk 0:22:25]} 30. a3 {[%clk 0:06:52]} Nd5
{[%clk 0:19:23]} 31. Rh4 {[%clk 0:05:58]} a6 {[%clk 0:16:23]} 32. Ba4
{[%clk 0:05:29]} b5 {[%clk 0:15:47]} 33. Bc2 {[%clk 0:05:42]} Kf6
{[%clk 0:15:21]} 34. Nxf4 {[%clk 0:03:49]} Ne3 {[%clk 0:12:57]} 35. Nxe6
{[%clk 0:03:07]} fxe6 {[%clk 0:13:22]} 36. Rf4+ {[%clk 0:03:15]} Ke7
{[%clk 0:13:26]} 37. Re4 {[%clk 0:03:16]} Nxg2 {[%clk 0:09:48]} 38. Bb3
{[%clk 0:03:42]} Rf8 {[%clk 0:09:01]} 39. Rxe6+ {[%clk 0:04:00]} Kd7
{[%clk 0:09:13]} 40. Rg6 {[%clk 0:31:43]} Nf4 {[%clk 0:33:44]} 41. Rxa6
{[%clk 0:31:32]} Nd3+ {[%clk 0:34:12]} 42. Kc2 {[%clk 0:31:40]} Ne1+
{[%clk 0:31:55]} 43. Kb1 {[%clk 0:31:22]} Nxf3 {[%clk 0:28:22]} 44. Bd5
{[%clk 0:27:32]} Nd2+ {[%clk 0:26:03]} 45. Ka2 {[%clk 0:22:04]} Rb8
{[%clk 0:22:45]} 46. Rf6 {[%clk 0:22:12]} Nc4 {[%clk 0:22:24]} 47. Bxc4
{[%clk 0:18:52]} bxc4 {[%clk 0:22:52]} 48. Rf4 {[%clk 0:19:03]} Rc8
{[%clk 0:23:21]} 49. Rd4+ {[%clk 0:19:29]} Ke6 {[%clk 0:23:51]} 50. a4
{[%clk 0:19:54]} Rc7 {[%clk 0:24:11]} 51. Ka3 {[%clk 0:20:15]} Rc8
{[%clk 0:24:36]} 52. a5 {[%clk 0:20:13]} Rc7 {[%clk 0:24:59]} 53. Ka4
{[%clk 0:20:20]} Rb7 {[%clk 0:24:55]} 54. Rd2 {[%clk 0:20:46]} Rb8
{[%clk 0:18:59]} 55. a6 {[%clk 0:21:02]} Rd8 {[%clk 0:15:59]} 56. Rxd8
{[%clk 0:21:19]} 1-0

[Event "European Youth Chess Championship B16"]
[Site "Prague, Top Hotel Prague"]
[Date "2012.08.22"]
[Round "6.8"]
[White "Georgiadis, Nico"]
[Black "Melzer, Patrik"]
[Result "1-0"]
[WhiteElo "2345"]
[BlackElo "2108"]
[PlyCount "0"]
[EventDate "2012.08.17"]

1. e4 {[%clk 1:30:57]} c6 {[%clk 1:30:57]} 2. d4 {[%clk 1:31:06]} d5
{[%clk 1:31:25]} 3. exd5 {[%clk 1:31:14]} cxd5 {[%clk 1:31:49]} 4. Bd3
{[%clk 1:31:39]} Nc6 {[%clk 1:32:12]} 5. c3 {[%clk 1:32:04]} Qc7 {[%clk 1:32:41]}
6. Ne2 {[%clk 1:32:10]} Bg4 {[%clk 1:26:10]} 7. f3 {[%clk 1:32:28]} Bd7
{[%clk 1:26:30]} 8. O-O {[%clk 1:32:16]} e6 {[%clk 1:23:49]} 9. Bf4
{[%clk 1:31:42]} Bd6 {[%clk 1:21:53]} 10. Bxd6 {[%clk 1:32:03]} Qxd6
{[%clk 1:22:21]} 11. Nd2 {[%clk 1:31:47]} Nf6 {[%clk 1:15:59]} 12. Ng3
{[%clk 1:19:24]} h5 {[%clk 1:04:15]} 13. Qe2 {[%clk 1:05:55]} Kf8
{[%clk 1:01:42]} 14. Qe3 {[%clk 0:57:19]} h4 {[%clk 0:36:16]} 15. Ne2
{[%clk 0:57:16]} Re8 {[%clk 0:31:35]} 16. f4 {[%clk 0:45:38]} g6 {[%clk 0:16:34]}
17. Nf3 {[%clk 0:35:49]} Ng4 {[%clk 0:16:57]} 18. Qd2 {[%clk 0:35:52]} Kg7
{[%clk 0:14:11]} 19. h3 {[%clk 0:30:10]} Nf6 {[%clk 0:09:53]} 20. Qe1
{[%clk 0:29:38]} Ne7 {[%clk 0:06:30]} 21. Nxh4 {[%clk 0:23:31]} Qb6
{[%clk 0:06:56]} 22. b3 {[%clk 0:15:56]} Nf5 {[%clk 0:05:03]} 23. Nxf5+
{[%clk 0:09:40]} exf5 {[%clk 0:05:31]} 24. Qd2 {[%clk 0:10:01]} Bb5
{[%clk 0:03:39]} 25. c4 {[%clk 0:06:47]} Bc6 {[%clk 0:04:08]} 26. c5
{[%clk 0:06:56]} Qd8 {[%clk 0:03:59]} 27. b4 {[%clk 0:06:46]} a6 {[%clk 0:04:15]}
28. a4 {[%clk 0:07:00]} Ne4 {[%clk 0:04:34]} 29. Bxe4 {[%clk 0:06:58]} dxe4
{[%clk 0:04:22]} 30. Qe3 {[%clk 0:06:36]} Qf6 {[%clk 0:02:33]} 31. Nc3
{[%clk 0:06:36]} Rd8 {[%clk 0:02:21]} 32. Rfd1 {[%clk 0:06:02]} Rh4
{[%clk 0:02:07]} 33. Kh2 {[%clk 0:04:29]} g5 {[%clk 0:01:13]} 34. fxg5
{[%clk 0:04:28]} Qg6 {[%clk 0:01:03]} 35. d5 {[%clk 0:04:23]} Be8
{[%clk 0:00:42]} 36. b5 {[%clk 0:03:36]} Bd7 {[%clk 0:00:40]} 37. Qd4+
{[%clk 0:02:38]} Kh7 {[%clk 0:00:48]} 38. Qf6 {[%clk 0:02:21]} Qh5
{[%clk 0:00:35]} 39. g6+ {[%clk 0:02:18]} fxg6 {[%clk 0:00:50]} 40. Qe7+
{[%clk 0:32:11]} Kh6 {[%clk 0:31:11]} 41. Qxd8 {[%clk 0:31:39]} Qg4
{[%clk 0:24:50]} 42. Rf1 {[%clk 0:31:07]} f4 {[%clk 0:24:13]} 43. Qh8+
{[%clk 0:31:25]} Kg5 {[%clk 0:24:38]} 44. Nxe4+ {[%clk 0:31:49]} Kf5
{[%clk 0:24:10]} 45. Nd6+ {[%clk 0:32:16]} 1-0

[Event "European Youth Chess Championship B16"]
[Site "Prague, Top Hotel Prague"]
[Date "2012.08.22"]
[Round "6.11"]
[White "Mirzoev, Emil"]
[Black "Szotkowski, Jakub"]
[Result "1-0"]
[WhiteElo "2241"]
[BlackElo "2109"]
[PlyCount "49"]
[EventDate "2012.08.17"]

1. d4 Nf6 2. Nf3 c5 3. dxc5 e6 4. g3 Bxc5 5. Bg2 O-O 6. O-O Nc6 7. c4 d5 8.
cxd5 Nxd5 9. a3 a5 10. Qc2 b6 11. Rd1 Qc7 12. Ng5 Nf6 13. Nc3 Bb7 14. Nce4 Nxe4
15. Qxe4 g6 16. Qh4 h5 17. Ne4 Be7 18. Bg5 Ra7 19. Nf6+ Bxf6 20. Bxf6 a4 21.
Rac1 Rc8 22. Rd3 Ba8 23. Rcd1 Kh7 24. Be4 Ra5 25. Rd7 1-0

[Event "European Youth Chess Championship B16"]
[Site "Prague, Top Hotel Prague"]
[Date "2012.08.22"]
[Round "6.14"]
[White "Haman, Jakub"]
[Black "Beradze, Irakli"]
[Result "0-1"]
[WhiteElo "2137"]
[BlackElo "2331"]
[PlyCount "84"]
[EventDate "2012.08.17"]

1. e4 c5 2. Nc3 Nc6 3. f4 e6 4. Nf3 d5 5. Bb5 Nge7 6. exd5 exd5 7. Qe2 Qd6 8.
Bxc6+ Qxc6 9. Ne5 Qd6 10. d4 cxd4 11. Nb5 Qb6 12. c3 f6 13. Nf3 Bd7 14. Nbxd4
Kf7 15. O-O Nf5 16. Kh1 Bc5 17. Qd3 Nxd4 18. Nxd4 Bxd4 19. Qxd4 Qxd4 20. cxd4
Rhe8 21. Bd2 Re2 22. Bc3 Rae8 23. Rae1 Kg6 24. Rxe2 Rxe2 25. h3 Kf5 26. Kh2 Ke4
27. Kg3 g6 28. a3 b6 29. Rc1 Bb5 30. Rd1 Bc4 31. Rc1 h5 32. f5 g5 33. Re1 h4+
34. Kh2 Rxe1 35. Bxe1 Kxf5 36. g3 hxg3+ 37. Kxg3 Ke4 38. Bc3 f5 39. h4 f4+ 40.
Kg4 gxh4 41. Kxh4 Ke3 42. Be1 Ke2 0-1

[Event "European Youth Chess Championship B16"]
[Site "Prague, Top Hotel Prague"]
[Date "2012.08.22"]
[Round "6.15"]
[White "Dastan, Muhammed Batuhan"]
[Black "Khamidov, Komil"]
[Result "1-0"]
[WhiteElo "2317"]
[BlackElo "2090"]
[PlyCount "55"]
[EventDate "2012.08.17"]

1. e4 e5 2. Nf3 Nc6 3. Bc4 Bc5 4. c3 Nf6 5. d3 a6 6. Bb3 d6 7. h3 Ba7 8. O-O
O-O 9. Nbd2 Nh5 10. Nc4 Qf6 11. Ne3 Nf4 12. Nd5 Nxd5 13. exd5 Nd8 14. Kh2 h6
15. Qe2 g5 16. d4 exd4 17. Nxd4 Qe5+ 18. f4 Qxe2 19. Nxe2 g4 20. f5 Re8 21. Ng3
gxh3 22. f6 hxg2 23. Kxg2 c6 24. Bxh6 cxd5 25. Rh1 Ne6 26. Rh4 d4 27. Bg7 Nxg7
28. Rah1 1-0

[Event "European Youth Chess Championship B16"]
[Site "Prague, Top Hotel Prague"]
[Date "2012.08.22"]
[Round "6.16"]
[White "Vanagas, Tadas"]
[Black "Suarez Garcia, Carlos"]
[Result "1/2-1/2"]
[WhiteElo "2067"]
[BlackElo "2311"]
[PlyCount "80"]
[EventDate "2012.08.17"]

1. d4 Nf6 2. c4 e6 3. Nf3 d5 4. Nc3 Be7 5. Bg5 O-O 6. e3 h6 7. Bh4 Ne4 8. Bxe7
Qxe7 9. Rc1 Nxc3 10. Rxc3 c6 11. Bd3 Nd7 12. cxd5 exd5 13. O-O Nf6 14. Qb1 Ne4
15. Bxe4 dxe4 16. Nd2 Bf5 17. Rc5 Bg6 18. b4 Rad8 19. Rfc1 Rd5 20. Rxd5 cxd5
21. Rc5 Qd6 22. Qb3 Rd8 23. Qc3 Qa6 24. a3 Qe2 25. Nf1 Qd1 26. Qc1 Qd3 27. Qc3
Qd1 28. Qc1 Qd3 29. Qc3 Qd1 30. Qc1 Qd3 31. Qc3 Qd1 32. Qc1 Qd3 33. Qc3 Qd1 34.
Qc1 Qd3 35. Qc3 Qd1 36. Qc1 Qd3 37. Qc3 Qd1 38. Qc1 Qd3 39. Qc3 Qd1 40. Qc1 Qd3
1/2-1/2